1770 1433 1520 1137 1922 1416 1344 1547 1284 1240 1649 1633 1441 1514 1023 1332 1923 1057 1563 1481 1983 1391 1629 1831 1270 1710 1841 1292 1701 1860 1333 1517 1957 1699 1769 1004 1076 1077 1332 1619 1980 1522 1672 1100 1620 1096 1151 1208 1187 1628 1086 1708 1027 1869 1693 1964 1816 1492 1299 1861 1553 1872 1571 1813 1989 1715 1074 1238 1207 1462 1595 1573 1911 1900 1658 1129 1717 1916 1081 1046 1170 1144 1184 1346 1491 1292 1234 1497 1931 1355 1156 1800 1485 1161 1443 1637 1971 1858 1165 BCNSPRNW ULIB Ver.6.0+V

เปลี่ยนเป็นภาษาไทย

Change to English
 แสดงรายละเอียดบรรณานุกรม
  กลับหน้าหลัก

Brief Record : Get Marc (ISO 2709) : E-mail record : QR code < ปิดหน้าต่าง
LEADER : 00000nam 2200000uu 4500
001    13399120299
003     ULIB
008    120918s2550||||th 000 0 tha d
020    ^a9789741337712
060 04 ^aQV737^bก941ย 2550
100 0  ^aโกมาตร จึงเสถียรทรัพย์
245 10 ^aยากับชุมชน :^bมิติทางสังคมวัฒนธรรม /^cผู้เขียน : โกมาตรจึงเสถียรทรัพย์, ลือชัย ศรีเงินยวง, วิชิต เปานิล ; บรรณาธิการ : โกมาตร จึงเสถียรทรัพย์, วิชิต เปานิล, นงลักษณ์ ตรงศีลสัตย์
250    ^aพิมพ์ครั้งที่ 1
260    ^aนนทบุรี :^bสำนักวิจัยสังคมและสุขภาพ กระทรวงสาธารณสุข,^c2550
300    ^aviii, 240 หน้า :^bภาพประกอบ ;^c21 ซม.
650  7 ^aการรักษาด้วยยา
650  7 ^aชุมชน^xการใชัยา
650  7 ^aร้านขายยา
650  7 ^aกองทุนยา
650  7 ^aเภสัชกรรมชุมชน, การบริการ
700 0  ^aวิชิต เปานิล
700 0  ^aลือชัย ศรีเงินยวง
700 0  ^aนงลักษณ์ ตรงศีลสัตย์,^eบรรณาธิการ
710 2  ^aกระทรวงสาธารณสุข. ^bสำนักวิจัยสังคมและสุขภาพ
710 2  ^aสำนักวิจัยสังคมและสุขภาพ
945    ^p180^l0^i14984
995    ^aกัณชพร
999 ^a ใช้งานได้ทุกระบบ
รายการนี้ยังไม่มีแท็ก
คุณยังไม่ได้ล็อกอิน คุณสามารถมีกิจกรรมร่วมกับเว็บไซต์ได้ แต่ต้องล็อกอินก่อน ::
  ล็อกอิน

รายการสื่อสารสนเทศ

ลำดับที่ ประเภท เลขเรียก/บาร์โค้ด สถานที่ สถานะ
1. วิทยาศาสตร์การแพทย์ และสุขภาพ
วิทยาศาสตร์การแพทย์ และสุขภาพ
QV737 ก941ย 2550  
  Barcode: 14984
ห้องสมุดวิทยาเขตสวรรค์ประชารักษ์
►ส่วนจัดเก็บหนังสือเก่า สปร
บนชั้น
  ขอยืม

รายการใกล้เคียง
    ผู้แต่ง [โกมาตร จึงเสถียรทรัพย์]

    หัวเรื่อง [การรักษาด้วยยา]
    หัวเรื่อง [ร้านขายยา]

BibComment


ยังไม่เคยถูกคอมเมนท์

คอมเมนท์ทรัพยากรรายการนี้
  คอมเมนท์: ยากับชุมชน มิติ..


 Copyright 2026. Bcnsprnw @Library